000 00487nam a2200181Ia 4500
003 LK-CoDNM
005 20230923101611.0
008 010623t1924 xxu||||| |||| 00| 1 eng d
040 _aLK-CoDNM
_dLK-CoDNM
_eLK-CoDNM
041 _aeng
080 _a12 R9
100 _aCampbell,Charles.
245 _aThe Trade,Commerce and Shipping of the Empire
260 _bW.Collins Sons Co
_aLondon
_c1924
300 _bxxxvii,228p,maps., 22 cm
700 _aKirkaldy,Adam W
_eed.
942 _cBK
999 _c92267
_d92267